LIBRARY & INFORMATION CENTRE, KCAET, TAVANUR

ONLINE PUBLIC ACCESS CATALOGUE (OPAC)

Normal view MARC view
  • Rajkumar, Singh

Entry Personal Name

Number of records used in: 1

001 - CONTROL NUMBER

  • control field: 4108

003 - CONTROL NUMBER IDENTIFIER

  • control field: OSt

005 - DATE AND TIME OF LATEST TRANSACTION

  • control field: 20190521104446.0

008 - FIXED-LENGTH DATA ELEMENTS

  • fixed length control field: 190521|| aca||aabn | a|a d

040 ## - CATALOGING SOURCE

  • Original cataloging agency: OSt
  • Transcribing agency: OSt

100 ## - HEADING--PERSONAL NAME

  • Personal name: Rajkumar, Singh

670 ## - SOURCE DATA FOUND

  • Source citation: Work cat.: (OSt): Rajkumar, Singh, Handbook of Library and Information Services, 2014
free website counter